Responses for show #8273 - Wednesday, November 4, 2020

Contestants

[<< previous game]

Paloma Thombley, an HR director from San Francisco, California

Keoni Rodriguez, an undergraduate student at Stanford from San Diego, California

Devin Rossiter, an academic coach from Bakersfield, California (whose 1-day cash winnings total $25,405)

[next game >>]

Jeopardy! Round responses

CLUES ACROSS THE SMITHSONIAN
U.S. ISLANDS
ADD AN E
(Alex: Each correct response will be two words, one of them having an "E" more than the previous word.)
AUTOMAKER FOR THE PEOPLE
ANIMATED TV
THE HOLE TRUTH
    $200 12
Amelia Earhart

Devin
    $200 6
Manhattan

Devin
    $200 9
joy & joey

Keoni
    $200 25
Dodge

Devin
    $200 1
(Devin: [Selecting the clue] If my kids are watching, let's give them a chance: ANIMATED TV for $200.)

the Simpsons

Devin
    $200 21
manholes

Keoni
    $400 13
John Lewis

Devin
    $1,000 7
Chesapeake Bay

Devin
    $400 17
pep & peep

Triple Stumper
    $400 26
Porsche

Devin
    $400 2
South Park

Paloma
    $400 22
(Alex: With less than a minute.)

Florida

Devin
    $600 14
the Spirit of St. Louis

Devin
    $600 8
(Keoni: What is Isle Royale?)

Mackinac

Keoni
Triple Stumper
    $600 18
mad & mead

Devin
    $600 27
Volvo

Paloma
    $600 3
the Road Runner

Keoni
    $600 23
the heart

Keoni
    $800 15
the Potomac

Devin
    $800 10
Louisiana

Keoni
    $800 19
relive & relieve

Devin
    $800 28
[The end-of-round signal sounds.]

Audi

Keoni
    $800 4
the Rubbles

Paloma
    $800 24
the flag

Devin
    $1000 16
the Anishinaabe (Chippewa)

Keoni
    $1000 11
(Paloma: What is North Carolina?)

Virginia

Paloma
Triple Stumper
    $1000 20
gallon & galleon

Triple Stumper
    $1000 5
Archer

Keoni

Scores at the first commercial break (after clue 16):

Devin Keoni Paloma
$3,400 $3,000 $200

Scores at the end of the Jeopardy! Round:

Devin Keoni Paloma
$6,600 $4,600 $800

Double Jeopardy! Round responses

ANTHROPOLOGY
SEEING RED
AN(IMAL)AGRAMS
HERE'S THE PLAY
IT'S GONNA BE CLOSE...
HE'S OUT!
    $400 15
scarlet

Paloma
    $400 11
rattlesnake

Devin
    $400 1
(Paloma: What is Fences?)

Cat on a Hot Tin Roof

Paloma
Triple Stumper
    $400 5
the Chicago Bulls

Devin
    $400 20
Saddam Hussein

Paloma
    $7,000 26
[The end-of-round signal sounds.]

Japan

Keoni
    $800 16
coral

Triple Stumper
    $800 12
(Keoni: What is a, uh, sorry.)

pheasant

Keoni
Triple Stumper
    $800 2
(Keoni: What is Death of a Salesman?)

(Richard) Nixon

DevinKeoni
    $800 6
Michael Phelps

Keoni
    $800 21
Mussolini

Devin
    $1200 23
(Alex: Less than a minute to go now, Keoni.)

a tunic

Triple Stumper
    $1200 17
cherry

Triple Stumper
    $1200 13
a rhinoceros

Devin
    $1200 3
James Gandolfini

Devin
    $1200 7
(Paloma: What is the Daytona 500?)

the Indianapolis 500

DevinPaloma
    $1600 24
forensic

Keoni
    $1600 18
garnet

Paloma
    $1600 14
(Alex: That was a tough one.)

white-winged dove

Triple Stumper
    $800 4
(Alex: Anything?)
(Devin: No.)

Six Degrees of Separation

Devin
    $1600 8
Roger Federer

Devin
    $2000 25
Neanderthal

Keoni
    $2000 19
vermillion

Triple Stumper
    $2000 22
an antelope

Keoni
    $2000 10
Yonkers

Paloma
    $2000 9
a triathlon

Keoni

Scores at the end of the Double Jeopardy! Round:

Devin Keoni Paloma
$13,400 $18,400 $3,600

[wagering suggestions for these scores]

Final Jeopardy! Round responses

COUNTRY NAMES
(Alex: Two of them were rather easy, I think, but that third one was a devil.)
PalomaWhat are France Spain and?
$3,500
DevinWhat are Spain, France & Greece?
$13,399
KeoniWhat is Spain, France &
$10,000
Spain, France & Greece

Final scores:

Devin Keoni Paloma
$26,799 $8,400 $100
2-day champion: $52,204 2nd place: $2,000 3rd place: $1,000

Game dynamics:

Coryat scores:

Devin Keoni Paloma
$13,600 $12,200 $3,600
21 R
(including 1 DD),
1 W
(including 1 DD)
14 R
(including 1 DD),
3 W
7 R,
3 W

Combined Coryat: $29,400

The J! Archive is created by fans, for fans. The Jeopardy! game show and all elements thereof, including but not limited to copyright and trademark thereto, are the property of Jeopardy Productions, Inc. and are protected under law. This website is not affiliated with, sponsored by, or operated by Jeopardy Productions, Inc. Join the discussion at JBoard.tv.